[Event "Ogolnopolska Olimpiada Mlodziezy w Sportach Umyslowych - C12"]
[Site "Walbrzych, Zamek Ksiaz"]
[Date "2013-04-18"]
[Round "1.1"]
[White "Gumularz, Szymon"]
[Black "Raczynski, Krzysztof"]
[Result "1-0"]
[WhiteTitle "I+"]
[BlackTitle "II+"]
[WhiteElo "1903"]
[BlackElo "1593"]

1. e4 c5 2. Nf3 d6 3. d4 cxd4 4. Nxd4 Nf6 5. Nc3 a6 6. Bc4 e6 7. O-O b5 8. Bb3
Nbd7 9. Re1 Nc5 10. Bd5 Nxd5 11. exd5 b4 12. dxe6 Bxe6 13. Nd5 a5 14. Qh5 g6 15.
Qg4 Kd7 16. Nxe6 Nxe6 17. Qf3 f5 18. Bf4 Bg7 19. Rad1 Nd4 20. Rxd4 Bxd4 21. Qd3
Bc5 22. Qb5+ Kc8 23. Qc6+ Kb8 24. Qxc5 Ra7 25. Bxd6+ Ka8 26. Qc6+ Rb7 27. Qa6+
1-0

[Event "Ogolnopolska Olimpiada Mlodziezy w Sportach Umyslowych - C12"]
[Site "Walbrzych, Zamek Ksiaz"]
[Date "2013-04-18"]
[Round "1.2"]
[White "Dabrowski, Damian"]
[Black "Kowalski, Igor"]
[Result "0-1"]
[WhiteTitle "II"]
[BlackTitle "I"]
[WhiteElo "1589"]
[BlackElo "1824"]

1. e4 c5 2. Nf3 e6 3. d4 cxd4 4. Nxd4 a6 5. Bd3 Qc7 6. O-O Nf6 7. Qe2 d6 8. c4
Be7 9. Nc3 O-O 10. Kh1 Nbd7 11. f4 b6 12. Bd2 Bb7 13. Rae1 Nc5 14. Bc2 Rfd8 15.
Nf3 Rac8 16. b4 Ncd7 17. Bd3 Ne8 18. Qf2 Bf6 19. e5 Be7 20. a3 g6 21. Qg3 Ng7
22. h4 Nh5 23. Qh2 Rf8 24. g4 Ng7 25. Rf2 Qd8 26. h5 Bh4 27. hxg6 fxg6 28. Ne4
Bxf2 29. Nfg5 h5 30. gxh5 gxh5 31. Qxf2 Nxe5 32. Bc2 Qxg5 33. Rg1 Ng4 34. Qg2
Qh4+ 0-1

[Event "Ogolnopolska Olimpiada Mlodziezy w Sportach Umyslowych - C12"]
[Site "Walbrzych, Zamek Ksiaz"]
[Date "2013-04-18"]
[Round "1.3"]
[White "Pultorak, Jan"]
[Black "Mendak, Mateusz"]
[Result "1-0"]
[WhiteTitle "I"]
[BlackTitle "II"]
[WhiteElo "1803"]
[BlackElo "1565"]

1. e4 c5 2. Nf3 e6 3. d4 cxd4 4. Nxd4 Nc6 5. Nxc6 bxc6 6. Bd3 d5 7. O-O Bc5 8.
Nd2 Ne7 9. Nb3 Bb6 10. Qe2 O-O 11. c4 Bb7 12. c5 Bc7 13. e5 Ng6 14. f4 f6 15.
Bxg6 hxg6 16. Bd2 Qe7 17. Bc3 a5 18. Qe3 a4 19. Nd2 Ba5 20. Bxa5 Rxa5 21. b4 axb3
22. Nxb3 Ra4 23. Rf2 fxe5 24. Qxe5 Re4 25. Qd6 Kf7 26. Rb1 Ba8 27. Nd2 Qxd6 28.
cxd6 Ra4 29. Nf3 Rd8 30. Ne5+ Kf6 31. d7 c5 32. Rfb2 Rb4 33. Rxb4 cxb4 34. Rxb4
g5 35. Ra4 gxf4 36. Rxa8 Rxa8 37. Nc6 d4 38. d8=Q+ Rxd8 39. Nxd8 e5 40. Kf1 Ke7
41. Nc6+ Kd6 42. Nxe5 Kxe5 43. Ke2 g5 44. h3 Kf5 45. Kd3 g4 46. hxg4+ Kxg4 47.
Kxd4 Kg3 48. Ke4 1-0

[Event "Ogolnopolska Olimpiada Mlodziezy w Sportach Umyslowych - C12"]
[Site "Walbrzych, Zamek Ksiaz"]
[Date "2013-04-18"]
[Round "1.4"]
[White "Ryk, Mikolaj"]
[Black "Psyk, Radoslaw"]
[Result "0-1"]
[WhiteTitle "II"]
[BlackTitle "I"]
[WhiteElo "1555"]
[BlackElo "1782"]

1. c4 e5 2. Nc3 d6 3. g3 Nc6 4. Bg2 f5 5. d3 Nf6 6. e3 Be7 7. Nge2 O-O 8. Nd5 Be6
9. Nec3 Re8 10. Nxf6+ Bxf6 11. Nd5 Bg5 12. b4 Rb8 13. b5 Ne7 14. Nxe7+ Qxe7 15.
O-O Qd7 16. Bd2 a6 17. a4 e4 18. Qc2 exd3 19. Qxd3 Bf6 20. Bc3 Qf7 21. Bd5 axb5
22. axb5 Bxd5 23. cxd5 Bxc3 24. Qxc3 Qxd5 25. Qxc7 Rbc8 26. Qb6 Rc5 27. Rfd1 Rxb5
28. Qxd6 Qe4 29. Qd3 Qxd3 30. Rxd3 Kf7 31. Rd7+ Re7 32. Rad1 Rc5 33. R7d5 Rxd5
34. Rxd5 Ke6 35. Rb5 g6 36. Kg2 Kd6 37. Kf3 Kc6 38. Rb1 b5 39. Kf4 h6 40. h4 Re4+
41. Kf3 b4 42. Ke2 Kb5 43. Kd3 Rc4 44. f3 Rc8 45. Kd4 Ka4 46. e4 b3 47. e5 Ka3
48. e6 Ka2 49. Rf1 b2 50. Ke5 Rc1 51. Rf2 Kb3 52. Rxb2+ Kxb2 53. e7 Kc3 54. Kf6
Re1 55. Kxg6 Rxe7 56. Kxh6 Kd4 57. Kg6 Re3 58. Kxf5 Rxf3+ 59. Kg4 Rf8 60. h5 Ke5
61. h6 Kf6 62. Kh5 Kf7 63. g4 Ra8 64. g5 Ra5 65. Kg4 Kg6 66. Kf4 Rxg5 67. h7 Rh5
0-1

[Event "Ogolnopolska Olimpiada Mlodziezy w Sportach Umyslowych - C12"]
[Site "Walbrzych, Zamek Ksiaz"]
[Date "2013-04-18"]
[Round "1.5"]
[White "Kosakowski, Jakub"]
[Black "Pijewski, Milosz"]
[Result "1-0"]
[WhiteTitle "I"]
[BlackTitle "II"]
[WhiteElo "1754"]
[BlackElo "1516"]

1. e4 Nc6 2. Nf3 d6 3. d4 Nf6 4. Nc3 Bg4 5. Be2 Bxf3 6. Bxf3 e5 7. d5 Nd4 8. Be3
Nxf3+ 9. Qxf3 Qd7 10. h3 Be7 11. g4 h6 12. O-O-O a6 13. Qe2 b5 14. Qd3 b4 15.
Ne2 c5 16. Ng3 Qc7 17. Qc4 Nd7 18. f4 Nb6 19. Qe2 Nd7 20. Nf5 g6 21. Nxe7 Kxe7
22. fxe5 Nxe5 23. Rhf1 c4 24. Bd4 f6 25. g5 b3 26. gxf6+ Kf7 27. a3 Nd3+ 28. Kb1
bxc2+ 29. Qxc2 Rab8 30. Rxd3 Qa5 31. Rg3 Rb5 32. e5 g5 33. e6+ Kf8 34. Qg6 Rb7
35. e7+ Rxe7 36. fxe7+ Kxe7 37. Rf7+ Kd8 38. Qxd6+ Ke8 39. Qd7# 1-0

[Event "Ogolnopolska Olimpiada Mlodziezy w Sportach Umyslowych - C12"]
[Site "Walbrzych, Zamek Ksiaz"]
[Date "2013-04-18"]
[Round "1.6"]
[White "Posluszny, Tomasz"]
[Black "Lukasiewicz, Krzysztof"]
[Result "0-1"]
[WhiteTitle "II"]
[BlackTitle "I"]
[WhiteElo "1516"]
[BlackElo "1747"]

1. d4 d5 2. c4 e6 3. Nc3 Nf6 4. Bg5 Be7 5. Nf3 h6 6. Bh4 O-O 7. e3 b6 8. Rc1 Bb7
9. cxd5 Nxd5 10. Bxe7 Qxe7 11. Bd3 c5 12. dxc5 bxc5 13. O-O Rd8 14. Qe2 Nb4 15.
Bc4 Nd7 16. Rfd1 Nb6 17. Bb3 Rac8 18. Rxd8+ Rxd8 19. a3 Ba6 20. Qe1 Nd3 21. Qf1
Nxc1 22. Qxc1 Bb7 23. Nd2 Qg5 24. g3 Qe7 25. Nce4 c4 26. Bc2 f5 27. Nc3 Qd7 28.
Nf1 Nd5 29. Ne2 Nf6 30. Nd4 Qd5 31. f3 e5 32. Nxf5 Qxf3 33. e4 Nxe4 34. Bxe4 Bxe4
35. Nh4 Qh1+ 36. Kf2 Bd3 37. Nf3 Rf8 38. Qd1 Rxf3+ 39. Qxf3 Qxf1+ 40. Ke3 Qe1+
41. Qe2 Qxe2# 0-1

[Event "Ogolnopolska Olimpiada Mlodziezy w Sportach Umyslowych - C12"]
[Site "Walbrzych, Zamek Ksiaz"]
[Date "2013-04-18"]
[Round "1.7"]
[White "Chylewski, Patryk"]
[Black "Polczyk, Mikolaj"]
[Result "1-0"]
[WhiteTitle "I"]
[BlackTitle "II+"]
[WhiteElo "1729"]
[BlackElo "1515"]

1. e4 e6 2. d4 d5 3. Nc3 Nf6 4. e5 Nfd7 5. f4 c5 6. Nf3 Nc6 7. Be3 cxd4 8. Nxd4
Bc5 9. Qd2 a6 10. O-O-O O-O 11. h4 Nxd4 12. Bxd4 b5 13. Rh3 b4 14. Na4 Bxd4 15.
Qxd4 Qa5 16. b3 Bb7 17. c3 Rfc8 18. Kb2 bxc3+ 19. Rxc3 Rxc3 20. Qxc3 Qxc3+ 21.
Kxc3 Rc8+ 22. Kb2 f6 23. exf6 gxf6 24. Rc1 Rxc1 25. Kxc1 Kf7 26. Bd3 h6 27. Kd2
Ke7 28. g4 Kd6 29. h5 e5 30. g5 e4 31. g6 f5 32. Be2 d4 33. Bc4 Bd5 34. Bxd5 Kxd5
35. Nb6+ 1-0

[Event "Ogolnopolska Olimpiada Mlodziezy w Sportach Umyslowych - C12"]
[Site "Walbrzych, Zamek Ksiaz"]
[Date "2013-04-18"]
[Round "1.8"]
[White "Laszczak, Przemyslaw"]
[Black "Szpar, Milosz"]
[Result "0-1"]
[WhiteTitle "II+"]
[BlackTitle "I"]
[WhiteElo "1506"]
[BlackElo "1717"]

1. Nf3 Nf6 2. d4 g6 3. c4 d5 4. Nc3 Bg7 5. Bf4 O-O 6. cxd5 Nxd5 7. Nxd5 Qxd5 8.
Bxc7 Na6 9. Be5 Bf5 10. Bxg7 Kxg7 11. Nh4 Nb4 12. Rc1 Rac8 13. Nxf5+ Qxf5 14.
f3 Qf4 15. Rc3 Nd5 16. g3 Nxc3 17. gxf4 Nxd1 18. Kxd1 Rfd8 19. e3 f6 20. Rg1 e5
21. fxe5 fxe5 22. Rg4 Rc6 23. Kd2 exd4 24. exd4 Rf6 25. Ke3 Re8+ 26. Re4 Rxe4+
27. Kxe4 Kf8 28. Bc4 Ke7 29. f4 Rf5 30. Be2 Kd6 31. b4 a5 32. b5 a4 33. h4 Rd5
34. Ke3 Rf5 35. Ke4 Rf7 36. Bf3 b6 37. Ke3 a3 38. Be4 Rc7 39. Bc6 Rf7 40. Be4
Ra7 41. Kd3 Ra4 42. Kc3 Ke6 43. Bc2 Ra7 44. Kd2 Re7 45. Be4 Rc7 46. Bc2 Kd5 47.
Kd3 Re7 48. Bb3+ Kd6 49. Bg8 h6 50. h5 gxh5 51. f5 Re8 52. Bf7 Rf8 53. Bg6 Kd5
54. Ke3 h4 55. Kf4 Kxd4 56. Kg4 Kc3 57. f6 Rxf6 58. Be4 Rd6 59. Bh7 Kb2 60. Kxh4
Kxa2 61. Bg8+ Kb2 0-1

[Event "Ogolnopolska Olimpiada Mlodziezy w Sportach Umyslowych - C12"]
[Site "Walbrzych, Zamek Ksiaz"]
[Date "2013-04-18"]
[Round "1.9"]
[White "Woloch, Oskar"]
[Black "Majocha, Piotr"]
[Result "1/2-1/2"]
[WhiteTitle "II"]
[BlackTitle "II"]
[WhiteElo "1706"]
[BlackElo "1503"]

1. e4 c5 2. Nc3 d6 3. f4 Nc6 4. Nf3 g6 5. Bc4 Na5 6. Bb5+ Bd7 7. Bxd7+ Qxd7 8.
O-O Bg7 9. Qe1 e6 10. d3 Nc6 11. Kh1 Nf6 12. Be3 O-O 13. Qg3 b6 14. Rad1 Qe7 15.
Bc1 Rad8 16. Qh3 Qc7 17. a3 Rd7 18. Rde1 Re8 19. Rf2 a6 20. g4 Rf8 21. Rg2 Nd4
22. Nd1 Nxf3 23. Qxf3 Re7 24. Reg1 Nd7 25. Ne3 Bd4 26. c3 Bxe3 27. Qxe3 f6 28.
d4 Rff7 29. Bd2 b5 30. Be1 c4 31. Bh4 Re8 32. Bg3 Qc6 33. h4 Kh8 34. Re1 Nb6 35.
Bh2 Rff8 36. Qf2 Nd7 37. Qg3 d5 38. f5 exf5 39. gxf5 Rg8 40. exd5 Rxe1+ 41. Qxe1
Qxd5 42. fxg6 hxg6 43. Kg1 Qf5 44. Bg3 Rf8 45. Bf2 Rf7 46. Qe3 Kh7 47. Qg3 Rg7
48. Kh2 Qd5 49. Be3 Qh5 50. Bf2 Qd5 51. Qf4 a5 52. Be3 Qh5 53. Rg4 Nb6 54. Bf2
Nd5 55. Qg3 Re7 56. Qg2 Re2 1/2-1/2

[Event "Ogolnopolska Olimpiada Mlodziezy w Sportach Umyslowych - C12"]
[Site "Walbrzych, Zamek Ksiaz"]
[Date "2013-04-18"]
[Round "1.10"]
[White "Kubiak, Jakub"]
[Black "Wyczling, Bartosz"]
[Result "1-0"]
[WhiteTitle "II+"]
[BlackTitle "II+"]
[WhiteElo "1492"]
[BlackElo "1704"]

1. e4 c5 2. Nf3 d6 3. d4 cxd4 4. Nxd4 Nf6 5. Nc3 a6 6. f3 e5 7. Nb3 Be6 8. Be3
Be7 9. Qd2 Nbd7 10. Be2 Nb6 11. O-O-O Nc4 12. Bxc4 Bxc4 13. g4 b5 14. g5 Nh5 15.
Nd5 Bxd5 16. Qxd5 O-O 17. h4 Qc7 18. Kb1 Rfb8 19. Rc1 Rc8 20. Rhf1 Rab8 21. f4
exf4 22. Bxf4 Nxf4 23. Rxf4 Qc4 24. Na5 Qxd5 25. exd5 f6 26. Nc6 Rxc6 27. dxc6
fxg5 28. Re4 Bf6 29. Rce1 Kf7 30. hxg5 Bxg5 31. Re6 Bh4 32. R1e3 Bf2 33. Re7+
Kg6 34. Re8 Rxe8 35. Rxe8 Bb6 36. Rb8 Bc7 37. Rb7 Bd8 38. Rd7 Bb6 39. Rxd6+ Kf5
40. Rd7 Kf6 41. c7 Bxc7 42. Rxc7 h5 43. Rc3 h4 44. Kc1 Kf5 45. Kd1 Kg4 46. Ke2
g5 47. Kf2 h3 48. Kg1 Kh4 49. Kh2 g4 50. a3 Kg5 51. Kg3 Kf5 52. Rd3 a5 53. b3
a4 54. bxa4 bxa4 55. c4 Ke4 56. Rd8 Ke3 57. c5 Ke2 58. c6 h2 59. Kxh2 Kf2 60.
Rg8 1-0

[Event "Ogolnopolska Olimpiada Mlodziezy w Sportach Umyslowych - C12"]
[Site "Walbrzych, Zamek Ksiaz"]
[Date "2013-04-18"]
[Round "1.11"]
[White "Sernecki, Franciszek"]
[Black "Zolkiewski, Jakub"]
[Result "1/2-1/2"]
[WhiteTitle "II+"]
[BlackTitle "II"]
[WhiteElo "1696"]
[BlackElo "1489"]

1. e4 c5 2. Nf3 e6 3. d4 cxd4 4. Nxd4 a6 5. Nc3 Qc7 6. Be3 Nf6 7. Bd3 Bb4 8. Bd2
O-O 9. O-O Nc6 10. Nxc6 dxc6 11. Qe2 e5 12. h3 h6 13. Rad1 Be6 14. a3 Bd6 15.
Qf3 Be7 16. Qe3 Bd6 17. Ne2 c5 18. c3 c4 19. Bc2 Rad8 20. Qf3 Be7 21. Ng3 Qc6
22. Bc1 b5 23. Nf5 Bxf5 24. Qxf5 Qc7 25. Be3 Rfe8 26. Qf3 Nd7 27. Rd2 Nc5 28.
Rfd1 Rxd2 29. Rxd2 Rd8 30. Qd1 Rxd2 31. Qxd2 Qd6 32. Qxd6 Bxd6 33. Bxc5 Bxc5 34.
Kf1 a5 35. Bd1 Kf8 36. Bg4 b4 37. axb4 axb4 38. Be2 bxc3 39. bxc3 Ba3 40. Ke1
Bc5 41. Bxc4 f6 42. Ke2 Ke7 43. Kf3 g5 44. Kg3 Kd6 45. f3 Be3 46. Kg4 Bd2 47.
Kf5 Ke7 48. Kg6 Bxc3 49. Kxh6 Be1 50. Kg6 Bh4 51. Kf5 Be1 52. Kg4 Kf8 53. Bd5
Kg7 54. g3 Bf2 55. h4 gxh4 56. gxh4 Be3 57. Kf5 Bh6 58. Bg8 Kxg8 59. Kxf6 Bf4
60. Kg6 Kh8 1/2-1/2

[Event "Ogolnopolska Olimpiada Mlodziezy w Sportach Umyslowych - C12"]
[Site "Walbrzych, Zamek Ksiaz"]
[Date "2013-04-18"]
[Round "1.12"]
[White "Ulatowski, Jakub"]
[Black "Garbowski, Jakub"]
[Result "1/2-1/2"]
[WhiteTitle "II"]
[BlackTitle "II+"]
[WhiteElo "1455"]
[BlackElo "1687"]

1. e4 e5 2. Nf3 Nc6 3. Bb5 a6 4. Ba4 Nf6 5. O-O Be7 6. Re1 b5 7. Bb3 d6 8. c3 O-O
9. h3 Bb7 10. d3 h6 11. Nbd2 Re8 12. Nf1 Na5 13. Bc2 Bf8 14. Ng3 g6 15. Be3 d5
16. exd5 Nxd5 17. Bd2 Bg7 18. c4 c6 19. cxd5 cxd5 20. Bc3 Nc6 21. Bb3 Qd6 22.
a3 a5 23. Bd2 Ba6 24. Bc2 Rac8 25. Rc1 f5 26. Rb1 b4 27. axb4 axb4 28. Bc1 Re7
29. Bb3 Rec7 30. Nf1 Kh7 31. Ne3 Ne7 32. Kh1 Bb5 33. Ra1 Rd8 34. Ba4 Qa6 35. Ra2
Bxd3 36. Bb3 Qb5 37. Ba4 Qa6 38. Bb3 Qb5 39. Ba4 Qa6 40. Bb3 Qb5 41. Ba4 Bf8 1/2-1/2

[Event "Ogolnopolska Olimpiada Mlodziezy w Sportach Umyslowych - C12"]
[Site "Walbrzych, Zamek Ksiaz"]
[Date "2013-04-18"]
[Round "1.13"]
[White "Lis, Mateusz"]
[Black "Blocinski, Maciej"]
[Result "1-0"]
[WhiteTitle "II+"]
[BlackTitle "II+"]
[WhiteElo "1687"]
[BlackElo "1444"]

1. e4 e5 2. Nf3 Nc6 3. Bb5 a6 4. Bxc6 dxc6 5. O-O f6 6. d4 exd4 7. Nxd4 c5 8. Ne2
Qxd1 9. Rxd1 Bd7 10. Bf4 O-O-O 11. Nbc3 Re8 12. Rd2 Bc6 13. Rad1 b5 14. f3 h5
15. h4 Ne7 16. Bg3 Ng6 17. Nd5 Ne5 18. Bxe5 Rxe5 19. Nef4 Re8 20. Ng6 Rh6 21.
Nxf8 Rxf8 22. Ne7+ Kb7 23. Rd8 Rhh8 24. Rxf8 Rxf8 25. Nxc6 Kxc6 26. Rd5 g6 27.
g4 hxg4 28. fxg4 Re8 29. Rd2 Rxe4 30. Rg2 Re1+ 31. Kh2 Re4 32. Kg3 Re3+ 33. Kh2
Rf3 34. Rd2 b4 35. Kg2 Rf4 36. Kg3 Re4 37. h5 f5 38. gxf5 gxf5 39. Rh2 Kd6 40.
h6 Re8 41. Kf4 c4 42. h7 Rh8 43. Kxf5 a5 44. c3 b3 45. a3 c5 46. Kg6 Ke5 47. Kg7
Rxh7+ 48. Kxh7 Ke4 49. Kg6 Kd3 50. Kf5 1-0

[Event "Ogolnopolska Olimpiada Mlodziezy w Sportach Umyslowych - C12"]
[Site "Walbrzych, Zamek Ksiaz"]
[Date "2013-04-18"]
[Round "1.14"]
[White "Krawczyk, Piotr"]
[Black "Miszkielo, Bartosz"]
[Result "0-1"]
[WhiteTitle "II"]
[BlackTitle "II+"]
[WhiteElo "1439"]
[BlackElo "1656"]

1. d4 Nf6 2. c4 c5 3. d5 e6 4. Nc3 exd5 5. cxd5 d6 6. e4 g6 7. f4 Bg7 8. Nf3 O-O
9. Bd3 a6 10. a4 Re8 11. O-O Bg4 12. h3 Bxf3 13. Qxf3 Nbd7 14. Be3 Qc7 15. b3
Nb6 16. Rac1 Nfxd5 17. Nxd5 Nxd5 18. exd5 Rxe3 19. Qd1 Qb6 20. Bc4 Qb4 21. Kh1
b5 22. Bd3 Rae8 23. Qc2 f5 24. Rcd1 Bd4 25. Kh2 Re1 26. Qb1 Rxf1 27. Rxf1 Re3
28. axb5 axb5 29. Qc2 Re1 30. Bxb5 Be3 31. Qc4 Rxf1 32. Qxf1 Bxf4+ 33. Kh1 Be5
34. Bc4 Qc3 35. Qf3 Qe1+ 36. Qf1 Qg3 37. Qg1 g5 38. Be2 g4 39. Bf1 h5 40. Be2
Kh8 41. Bf1 h4 42. Be2 gxh3 43. Bf3 hxg2+ 44. Qxg2 Qxg2+ 45. Kxg2 Kg7 46. Kh3
Bg3 47. Be2 f4 48. Bf3 Kf6 49. Be2 Ke5 50. Bc4 Ke4 51. Kg2 f3+ 52. Kg1 h3 53.
Ba6 Ke3 54. Bf1 f2+ 55. Kh1 h2 56. Kg2 Kd2 57. Kh1 Ke1 58. Kg2 h1=Q+ 59. Kxh1
Kxf1 60. b4 Ke2 61. b5 0-1

[Event "Ogolnopolska Olimpiada Mlodziezy w Sportach Umyslowych - C12"]
[Site "Walbrzych, Zamek Ksiaz"]
[Date "2013-04-18"]
[Round "1.15"]
[White "Szymanowski, Igor"]
[Black "Topolan, Pawel"]
[Result "1-0"]
[WhiteTitle "II"]
[BlackTitle "II"]
[WhiteElo "1654"]
[BlackElo "1432"]

1. e4 c6 2. d4 d5 3. f3 e6 4. Nc3 Bb4 5. Nge2 Nd7 6. exd5 cxd5 7. Bf4 Nb6 8. a3
Bd6 9. Nb5 Nc4 10. Nxd6+ Nxd6 11. Nc3 Ne7 12. g4 Nc6 13. h4 Nc4 14. Bxc4 dxc4
15. d5 Ne7 16. d6 Nc6 17. Qd2 a6 18. O-O-O Bd7 19. g5 b5 20. Rhe1 O-O 21. Be5
Qa5 22. Qf4 b4 23. axb4 Nxb4 24. Ne4 Qa4 25. Re2 Nd5 26. Rxd5 exd5 27. Nf6+ Kh8
28. Nh5 Kg8 29. Bxg7 Rfe8 30. Be5 Be6 31. Qf6 1-0

[Event "Ogolnopolska Olimpiada Mlodziezy w Sportach Umyslowych - C12"]
[Site "Walbrzych, Zamek Ksiaz"]
[Date "2013-04-18"]
[Round "1.16"]
[White "Wierzbicki, Michal"]
[Black "Kawaler, Adam"]
[Result "0-1"]
[WhiteTitle "II"]
[BlackTitle "II+"]
[WhiteElo "1405"]
[BlackElo "1633"]

1. d4 d5 2. Nf3 e6 3. e3 c5 4. c4 Nc6 5. dxc5 Bxc5 6. cxd5 exd5 7. Nc3 Nf6 8. Be2
O-O 9. O-O Bf5 10. a3 d4 11. exd4 Bxd4 12. Nb5 Bc5 13. h3 Re8 14. Qxd8 Raxd8 15.
Nc3 Nd4 16. Nxd4 Bxd4 17. Bf3 Bd3 18. Rd1 Bc2 19. Rf1 Bd3 20. Rd1 Bxc3 21. bxc3
Be4 22. Bg5 Bxf3 23. gxf3 h6 24. Bxf6 gxf6 25. Kf1 Rc8 26. Rac1 Re7 27. Rd2 Rec7
28. Rdc2 Rd8 29. Ke1 Rd3 30. Ke2 Rd5 31. c4 Re7+ 32. Kf1 Rd3 33. Rc3 Rd2 34. R3c2
Ree2 35. Rxd2 Rxd2 36. Rc3 Kf8 37. Rb3 b6 38. Rc3 Ke7 39. c5 b5 40. c6 Rd8 41.
c7 Rc8 42. Rc5 Kd6 43. Rxb5 Rxc7 44. a4 a6 0-1

[Event "Ogolnopolska Olimpiada Mlodziezy w Sportach Umyslowych - C12"]
[Site "Walbrzych, Zamek Ksiaz"]
[Date "2013-04-18"]
[Round "1.17"]
[White "Kokoszczynski, Jan"]
[Black "Gaj, Szymon"]
[Result "1/2-1/2"]
[WhiteTitle "II"]
[BlackTitle "II"]
[WhiteElo "1623"]
[BlackElo "1365"]

1. Nf3 d5 2. b3 e6 3. Bb2 c6 4. e3 f5 5. Be2 Nf6 6. O-O Bd6 7. d3 O-O 8. c4 Nbd7
9. Nd4 Ne5 10. Nd2 Ng6 11. cxd5 exd5 12. g3 Re8 13. N4f3 Ne5 14. Bxe5 Bxe5 15.
Nxe5 Rxe5 16. Nf3 Re7 17. d4 Qe8 18. Ne5 Be6 19. b4 a6 20. a4 Ne4 21. Qc2 Rc8
22. f3 Nd6 23. Qb2 Bd7 24. Qc3 Nf7 25. f4 Nd6 26. Qb2 g6 27. h4 b5 28. axb5 axb5
29. Kf2 Ne4+ 30. Kg2 Be6 31. Ra6 Rec7 32. Rc1 Bd7 33. Qc2 Nd6 34. Qc5 Nc4 35.
Bxc4 bxc4 36. Rca1 Qf8 37. Nxd7 Rxd7 38. Rxc6 Rxc6 39. Qxc6 Qe7 40. Ra8+ Kg7 41.
Kf2 Ra7 42. Qxd5 Rxa8 43. Qxa8 1/2-1/2

[Event "Ogolnopolska Olimpiada Mlodziezy w Sportach Umyslowych - C12"]
[Site "Walbrzych, Zamek Ksiaz"]
[Date "2013-04-18"]
[Round "1.18"]
[White "Twardowski, Hubert"]
[Black "Pytel, Maciej"]
[Result "1/2-1/2"]
[WhiteTitle "II"]
[BlackTitle "II"]
[WhiteElo "1353"]
[BlackElo "1616"]

1. e4 c5 2. Nf3 e6 3. d4 cxd4 4. Nxd4 Nc6 5. Nc3 a6 6. Be2 Qc7 7. Be3 b5 8. O-O
Bb7 9. a3 Nf6 10. f3 Bc5 11. Qd2 Qb6 12. Rad1 O-O-O 13. Kh1 Rhe8 14. Bg1 d5 15.
Nxc6 Bxc6 16. Bxc5 Qxc5 17. e5 Nd7 18. f4 Bb7 19. Qd4 Qxd4 20. Rxd4 Nb8 21. Bf3
Nc6 22. Rd2 Na5 23. b3 Re7 24. Ne2 Nc6 25. Rfd1 Red7 26. Nd4 Nxd4 27. Rxd4 Rc7
28. c4 Rdd7 29. h3 bxc4 30. bxc4 Rc5 31. Kg1 Kc7 32. Kf2 Bc6 33. Ke3 Rxc4 34.
Rxc4 dxc4 35. Rxd7+ Bxd7 36. Kd4 Bb5 37. Kc3 Kb6 38. g4 Kc5 39. Be4 g6 40. h4
Bd7 41. g5 Ba4 42. Bf3 a5 1/2-1/2

[Event "Ogolnopolska Olimpiada Mlodziezy w Sportach Umyslowych - C12"]
[Site "Walbrzych, Zamek Ksiaz"]
[Date "2013-04-18"]
[Round "1.19"]
[White "Muzyka, Dominik"]
[Black "Rak, Maciej"]
[Result "0-1"]
[WhiteTitle "II"]
[BlackTitle "III"]
[WhiteElo "1610"]
[BlackElo "1352"]

1. e4 c5 2. Nf3 a6 3. d4 cxd4 4. Nxd4 Nf6 5. Nc3 e5 6. Nf3 Bb4 7. Bd3 d5 8. Bg5
d4 9. a3 dxc3 10. axb4 cxb2 11. Rb1 Nc6 12. Rxb2 O-O 13. h3 h6 14. Bh4 Qd6 15.
Bxf6 Qxf6 16. O-O Qg6 17. Kh1 b5 18. c3 Rd8 19. Rd2 Be6 20. Re1 Kh8 21. Qb1 Qf6
22. Red1 Bxh3 23. Nxe5 Bxg2+ 24. Kxg2 Nxe5 25. Be2 Qg5+ 0-1

[Event "Ogolnopolska Olimpiada Mlodziezy w Sportach Umyslowych - C12"]
[Site "Walbrzych, Zamek Ksiaz"]
[Date "2013-04-18"]
[Round "1.20"]
[White "Pacan-milej, Kosma"]
[Black "Poplawski, Maciej"]
[Result "0-1"]
[WhiteTitle "II"]
[BlackTitle "II"]
[WhiteElo "1257"]
[BlackElo "1605"]

1. c4 e6 2. d4 Nf6 3. Nc3 Bb4 4. e3 O-O 5. Bd3 b6 6. Nge2 d5 7. O-O Ba6 8. cxd5
Bxd3 9. Qxd3 exd5 10. Re1 Re8 11. f3 Qe7 12. a3 Bxc3 13. Nxc3 Nc6 14. b3 Na5 15.
Qc2 Rac8 16. Rb1 a6 17. Qd3 b5 18. Bd2 Nb7 19. Ra1 c5 20. b4 c4 21. Qb1 Nd6 22.
a4 Ra8 23. axb5 Nxb5 24. Nxb5 axb5 25. Qb2 Qb7 26. Rxa8 Rxa8 27. Ra1 Nd7 28. Bc1
f5 29. Rxa8+ Qxa8 30. Qa3 Qxa3 31. Bxa3 g5 32. Kf2 Kf7 33. Bc1 Kf6 34. Kg3 Nb8
35. Bd2 Nc6 36. Bc3 h5 37. e4 Ke6 38. e5 f4+ 39. Kf2 Kf5 40. g3 Nd8 41. h4 fxg3+
42. Kxg3 gxh4+ 43. Kxh4 Kf4 44. Kxh5 Kxf3 45. Kg6 Ke3 46. Kf6 Kd3 47. Ba1 c3 48.
e6 Nxe6 49. Kxe6 Kxd4 50. Kd6 Kc4 51. Ke5 d4 52. Ke4 d3 53. Ke3 d2 54. Ke2 Kxb4
55. Kd1 Kc4 56. Kc2 b4 0-1

[Event "Ogolnopolska Olimpiada Mlodziezy w Sportach Umyslowych - C12"]
[Site "Walbrzych, Zamek Ksiaz"]
[Date "2013-04-18"]
[Round "2.1"]
[White "Miszkielo, Bartosz"]
[Black "Gumularz, Szymon"]
[Result "0-1"]
[WhiteTitle "II+"]
[BlackTitle "I+"]
[WhiteElo "1656"]
[BlackElo "1903"]

1. e4 c5 2. Nf3 e6 3. d4 cxd4 4. Nxd4 a6 5. Be3 Qc7 6. Be2 Nf6 7. Nc3 Bb4 8. Qd3
Nc6 9. O-O Ne5 10. Qd1 Bxc3 11. bxc3 Nxe4 12. c4 Nc3 13. Qd2 Nxe2+ 14. Nxe2 Nxc4
15. Qc3 O-O 16. Bf4 d6 17. Bxd6 Qxd6 18. Qxc4 b5 19. Qb3 Bb7 20. Ng3 Rac8 21.
Rac1 Qd5 22. f3 Qc5+ 23. Kh1 Bd5 24. Qb2 Qc4 25. a3 Qc3 26. Qb4 Rc4 27. Qd6 Ra4
28. Rfd1 Qxa3 29. Qe5 f6 30. Qe2 Qc5 31. Ra1 Rxa1 32. Rxa1 Rc8 33. Rxa6 Qxc2 34.
h3 Qxe2 35. Nxe2 b4 36. Rb6 b3 37. Nd4 Rc3 38. Nxe6 Bxe6 39. Rxe6 b2 40. Re1 Rc1
0-1

[Event "Ogolnopolska Olimpiada Mlodziezy w Sportach Umyslowych - C12"]
[Site "Walbrzych, Zamek Ksiaz"]
[Date "2013-04-18"]
[Round "2.2"]
[White "Kowalski, Igor"]
[Black "Lis, Mateusz"]
[Result "1/2-1/2"]
[WhiteTitle "I"]
[BlackTitle "II+"]
[WhiteElo "1824"]
[BlackElo "1687"]

1. e4 c5 2. Nf3 d6 3. Bb5+ Nd7 4. c3 Ngf6 5. Qe2 a6 6. Ba4 b5 7. Bc2 e5 8. O-O
Bb7 9. Rd1 Be7 10. d4 Qc7 11. d5 O-O 12. Nh4 Rfe8 13. Nf5 Bf8 14. Qf3 c4 15. Bg5
g6 16. Nh6+ Kg7 17. Nd2 Be7 18. h4 Rf8 19. Nf1 Qd8 20. Ne3 Ng8 21. Bxe7 Nxe7 22.
Nhg4 Ng8 23. g3 Ngf6 24. Kg2 h5 25. Nxf6 Qxf6 26. Qxf6+ Nxf6 27. f4 exf4 28. gxf4
Rfe8 29. Kf3 Bc8 30. Re1 Ng4 31. Kg3 Nf6 32. Kf3 Ng4 33. Nxg4 Bxg4+ 34. Kg3 f6
35. a4 b4 36. cxb4 Rab8 37. b5 Bd7 38. Reb1 axb5 39. axb5 Bxb5 40. Ra7+ Kh6 41.
Rba1 Rg8 42. Kf3 Be8 43. R1a2 Rg7 44. Rxg7 Kxg7 45. Ke3 Bf7 46. Kd4 g5 47. fxg5
fxg5 48. hxg5 h4 49. Kc3 h3 50. Ra1 Rh8 51. Rh1 h2 52. Bd1 Bg6 53. Kd4 Rh4 54.
Bf3 Rf4 55. Ke3 Rh4 56. Bg2 Bh5 57. Kf2 Kg6 58. Kg3 Kxg5 59. Rxh2 Rxh2 60. Kxh2
Kf4 61. Bf1 Kxe4 62. Bxc4 Kd4 63. Bb3 Bf7 64. Kg3 Bxd5 65. Ba4 Ke3 1/2-1/2

[Event "Ogolnopolska Olimpiada Mlodziezy w Sportach Umyslowych - C12"]
[Site "Walbrzych, Zamek Ksiaz"]
[Date "2013-04-18"]
[Round "2.3"]
[White "Kawaler, Adam"]
[Black "Pultorak, Jan"]
[Result "0-1"]
[WhiteTitle "II+"]
[BlackTitle "I"]
[WhiteElo "1633"]
[BlackElo "1803"]

1. d4 Nf6 2. c4 e6 3. Nf3 b6 4. g3 Bb7 5. Bg2 Bb4+ 6. Bd2 Bxd2+ 7. Nbxd2 O-O 8.
O-O d6 9. Qc2 Nbd7 10. e4 e5 11. d5 Ne8 12. Ne1 g6 13. f4 Ng7 14. Bh3 Bc8 15.
f5 a5 16. Ng2 Nc5 17. Ne3 Bd7 18. Qd1 b5 19. b3 bxc4 20. bxc4 Rb8 21. Ng4 h5 22.
Ne3 Rb2 23. Qc1 Qb8 24. Rb1 Rxb1 25. Qxb1 Qa7 26. Qe1 Rb8 27. Qf2 g5 28. g4 Nd3
29. Qf3 hxg4 30. Bxg4 Nf4 31. Kh1 Rb2 32. f6 Rxd2 33. Bxd7 Rd3 34. fxg7 Qxe3 35.
Qxe3 Rxe3 36. Rg1 f6 37. h4 gxh4 38. Be6+ Nxe6 39. dxe6 Rh3+ 40. Kg2 Rg3+ 41.
Kh2 Kxg7 42. Rxg3+ hxg3+ 43. Kxg3 Kf8 44. Kg4 Ke7 45. Kf5 a4 46. a3 c6 47. Kg4
Kxe6 48. Kf3 f5 49. exf5+ Kxf5 50. Ke3 c5 51. Kf3 e4+ 0-1